000 01511cam0 2200373 ib4500
001 BY-BR0000-br20239338061
005 20251027140538.0
010 ^a978-5-9614-8378-9
^bв переплете
035 ^a(BY-MI0000)BY-BR0000-br20239338061
100 ^a20240405d2023 a y0rusy50 ca
101 1 ^arus
^ceng
102 ^aRU
105 ^ac z 000ay
109 ^ama
200 1 ^aВихрь колдовства
^fМишель Харрисон
^gперевод с английского [М. Брауде, Е. Пташкиной]
210 ^aМосква
^cАльпина Паблишер
^d2023
215 ^a381 с.
^d21 см
333 ^a12+
345 ^93000 экз.
606 ^aХУДОЖЕСТВЕННАЯ ЛИТЕРАТУРА
^3BY-NLB-ar37179
^2DVNLB
606 ^aЗАРУБЕЖНАЯ ЛИТЕРАТУРА
^3BY-NLB-ar10779
^2DVNLB
606 ^aАНГЛИЙСКАЯ ЛИТЕРАТУРА
^3BY-NLB-ar2468
^2DVNLB
608 ^aПРОЗА (лит. произведение)
^3BY-NLB-ar2648148
^2BYGNR
686 ^a84(4Вел)-4
^2rubbk
690 ^a1
^2Base
^9BY-MI0000
^xRSEK
700 1 ^aХаррисон
^bМ.
702 1 ^aБрауде
^bМ.
^gМария
^cлитературный редактор
^3BY-PLRB-ar14370711
^4730
702 1 ^aПташкина
^bЕ.
^gЕкатерина
^4730
801 0 ^aBY
^bBY-BR0000
^c20240405
^gRCR
801 2 ^aBY
^bBY-MI0000
^c20251021
^gRCR
899 0 ^aBY-MI0000
^iХ21
^h84(4Вел)